Loading...
Current Events | 2 | 10.00 | 100% | 0% | 0% |
Fine Arts - Classical Music | 6 | 10.00 | 67% | 33% | 0% |
Fine Arts - Other Fine Arts | 6 | 15.00 | 83% | 33% | 33% |
Geography | 2 | 25.00 | 100% | 100% | 50% |
History - American History | 6 | 16.67 | 100% | 67% | 0% |
History - European History | 5 | 12.00 | 100% | 0% | 20% |
History - Other History | 7 | 12.86 | 86% | 29% | 14% |
History - World History | 7 | 15.71 | 100% | 57% | 0% |
Literature - American Literature | 6 | 18.33 | 100% | 67% | 17% |
Literature - British Literature | 3 | 13.33 | 67% | 33% | 33% |
Literature - European Literature | 6 | 15.00 | 100% | 50% | 0% |
Literature - World Literature | 5 | 14.00 | 100% | 40% | 0% |
Mythology | 4 | 20.00 | 100% | 75% | 25% |
Painting/Sculpture | 7 | 14.29 | 100% | 43% | 0% |
Philosophy | 4 | 15.00 | 100% | 50% | 0% |
Pop Culture | 1 | 10.00 | 100% | 0% | 0% |
Religion | 4 | 22.50 | 100% | 100% | 25% |
Science - Biology | 7 | 18.57 | 100% | 57% | 29% |
Science - Chemistry | 4 | 12.50 | 100% | 25% | 0% |
Science - Other Science | 5 | 14.00 | 100% | 40% | 0% |
Science - Physics | 2 | 10.00 | 50% | 50% | 0% |
Social Science | 4 | 15.00 | 100% | 50% | 0% |